[Event "Hotel La Borona Cerrado 2014"]
[Site "Gijon ESP"]
[Date "2014.06.30"]
[Round "8.4"]
[White "Alvarez Fernandez, Enrique"]
[Black "Pena Gomez, Manuel"]
[Result "1/2-1/2"]
[WhiteElo "2362"]
[BlackElo "2437"]
[PlyCount "25"]
[EventDate "2014.06.25"]
[EventType "tourn"]
[EventRounds "9"]
[EventCountry "ESP"]
[EventCategory "6"]
[Source "lmi"]
[SourceDate "2014.06.25"]

1. d4 e6 2. e4 d5 3. exd5 exd5 4. Bf4 Bd6 5. Bxd6 Qxd6 6. c3 Ne7 7. Bd3 O-O 8.
Nf3 Bf5 9. Bxf5 Nxf5 10. O-O Nd7 11. Qd3 Qg6 12. Nbd2 Nh4 13. Qxg6 1/2-1/2

[Event "Hotel La Borona Cerrado 2014"]
[Site "Gijon ESP"]
[Date "2014.06.30"]
[Round "8.5"]
[White "Santos Ruiz, Miguel"]
[Black "Buscara, Sevan"]
[Result "0-1"]
[WhiteElo "2343"]
[BlackElo "2379"]
[PlyCount "104"]
[EventDate "2014.06.25"]
[EventType "tourn"]
[EventRounds "9"]
[EventCountry "ESP"]
[EventCategory "6"]
[Source "lmi"]
[SourceDate "2014.06.25"]

1. Nf3 d5 2. e3 Nf6 3. c4 c6 4. Nc3 e6 5. b3 Bd6 6. Bb2 O-O 7. Qc2 Re8 8. Be2
e5 9. cxd5 cxd5 10. Nb5 Nc6 11. Nxd6 Qxd6 12. O-O Bd7 13. d4 e4 14. Ne5 Qe6 15.
Nxc6 Bxc6 16. a4 Rac8 17. Qd2 h5 18. Rfc1 Qf5 19. b4 Bd7 20. b5 b6 21. Ba3 Nh7
22. Rxc8 Rxc8 23. Rc1 Ng5 24. Rxc8+ Bxc8 25. Qc1 Be6 26. Qc7 h4 27. Qxa7 Nf3+
28. Kh1 Nxd4 29. Qb8+ Kh7 30. exd4 Qxf2 31. h3 Qxe2 32. Qf4 Qe1+ 33. Kh2 e3 34.
Be7 f6 35. Bxf6 Qg3+ 36. Qxg3 hxg3+ 37. Kxg3 gxf6 38. Kf3 Kg6 39. Kxe3 Kf5 40.
Kf3 Bd7 41. g4+ Ke6 42. Kf4 Be8 43. g5 f5 44. h4 Bh5 45. Ke3 Bd1 46. a5 bxa5
47. g6 Bh5 48. g7 Bf7 49. b6 Kd6 50. h5 a4 51. h6 Bg8 52. Kf4 a3 0-1

[Event "Hotel La Borona Cerrado 2014"]
[Site "Gijon ESP"]
[Date "2014.07.02"]
[Round "9.3"]
[White "Alonso Alvarez, Aitor"]
[Black "Alvarez Fernandez, Enrique"]
[Result "1/2-1/2"]
[WhiteElo "2254"]
[BlackElo "2362"]
[PlyCount "23"]
[EventDate "2014.06.25"]
[EventType "tourn"]
[EventRounds "9"]
[EventCountry "ESP"]
[EventCategory "6"]
[Source "lmi"]
[SourceDate "2014.06.25"]

1. c4 e5 2. Nc3 Nf6 3. g3 Bc5 4. Bg2 O-O 5. e3 Nc6 6. Nge2 d6 7. d4 Bb6 8. O-O
a5 9. h3 Re8 10. b3 Bf5 11. d5 Ne7 12. e4 1/2-1/2

[Event "Hotel La Borona Cerrado 2014"]
[Site "Gijon ESP"]
[Date "2014.07.02"]
[Round "9.4"]
[White "Starostits, Ilmars"]
[Black "Kovacevic, Slobodan"]
[Result "1/2-1/2"]
[WhiteElo "2464"]
[BlackElo "2359"]
[PlyCount "28"]
[EventDate "2014.06.25"]
[EventType "tourn"]
[EventRounds "9"]
[EventCountry "ESP"]
[EventCategory "6"]
[Source "lmi"]
[SourceDate "2014.06.25"]

1. e4 c5 2. c3 e6 3. d4 d5 4. exd5 exd5 5. Nf3 Nc6 6. Bb5 Bd6 7. O-O Nge7 8.
dxc5 Bxc5 9. h3 O-O 10. Nbd2 Nf5 11. Nb3 Bb6 12. Bf4 h6 13. Qd2 Be6 14. Rad1
Qf6 1/2-1/2

[Event "Hotel La Borona Cerrado 2014"]
[Site "Gijon ESP"]
[Date "2014.07.02"]
[Round "9.5"]
[White "Suarez Real, Alberto"]
[Black "Suarez Garcia, Carlos"]
[Result "1/2-1/2"]
[WhiteElo "2415"]
[BlackElo "2398"]
[PlyCount "103"]
[EventDate "2014.06.25"]
[EventType "tourn"]
[EventRounds "9"]
[EventCountry "ESP"]
[EventCategory "6"]
[Source "lmi"]
[SourceDate "2014.06.25"]

1. e4 d6 2. d4 Nf6 3. Nc3 g6 4. Nf3 Bg7 5. Be3 O-O 6. h3 a6 7. a4 b6 8. Bc4 Bb7
9. e5 Ne4 10. Nxe4 Bxe4 11. O-O dxe5 12. Nxe5 Nd7 13. Qe2 Bb7 14. Rad1 Qe8 15.
Nxd7 Qxd7 16. b3 e6 17. Qg4 b5 18. axb5 axb5 19. Bd3 f5 20. Qg3 Qc6 21. Bf4
Rad8 22. c4 bxc4 23. Bxc4 Rxd4 24. Rxd4 Bxd4 25. Re1 Re8 26. Bxc7 Ba6 27. Bxa6
Qxa6 28. Be5 Qa5 29. Re2 Qb5 30. Re1 Qb4 31. Rc1 Qd2 32. Rf1 Bb6 33. Qh4 Qd8
34. Qa4 Kf7 35. Qc6 Qd5 36. Qxb6 Qxe5 37. Rc1 Re7 38. b4 Qb2 39. Rc6 Qa1+ 40.
Kh2 Qe5+ 41. Kg1 Rd7 42. Rc1 Qb2 43. Re1 Re7 44. b5 Qd2 45. Ra1 Kf6 46. Qb8 Qb2
47. Qh8+ Rg7 48. Qd8+ Re7 49. Qh8+ Rg7 50. Qd8+ Re7 51. Qh8+ Rg7 52. Qd8+
1/2-1/2